[Event "GER-ch45 V02 email"]
[Site "GER email"]
[Date "2013.??.??"]
[Round "?"]
[White "Mehaux, Heiko"]
[Black "Profitlich, Walter Edwin"]
[Result "1/2-1/2"]
[WhiteElo "2076"]
[BlackElo "1869"]
[PlyCount "67"]
[EventDate "2013.04.08"]
[EventType "tourn (corr)"]
[EventRounds "12"]
[EventCountry "GER"]
[SourceTitle "Corr 2015"]
[Source "ChessBase"]
[SourceDate "2015.07.17"]
[SourceVersion "1"]
[SourceVersionDate "2015.07.17"]
[SourceQuality "1"]

1. d4 Nf6 2. c4 e6 3. Nc3 Bb4 4. e3 0-0 5. Nf3 Bxc3+ 6. bxc3 b6 7. Bd3 d6 8. e4 Nbd7 9. 0-0 Bb7 10. Qc2 e5 11. Re1 Re8 12. Rb1 h6 13. Bd2 Rb8 14. a4 a6 15. g3 Nh7 16. Kg2 Qf6 17. h3 Nhf8 18. Be3 Qe7 19. d5 Nc5 20. Bxc5 dxc5 21. Nh4 Bc8 22. Nf5 Bxf5 23. exf5 Nh7 24. Be4 Ng5 25. h4 Nh7 26. Re3 Nf6 27. Qe2 Qd7 28. Bc2 h5 29. f3 Rbd8 30. Rf1 c6 31. Rd1 Qc7 32. Be4 Rd6 33. Red3 Red8 34. Kh3 1/2-1/2

[Event "GER-ch67 V03 email"]
[Site "GER email"]
[Date "2012.04.24"]
[Round "?"]
[White "Profitlich, Walter Edwin"]
[Black "Ryseck, Werner"]
[Result "1/2-1/2"]
[WhiteElo "1869"]
[BlackElo "1933"]
[PlyCount "88"]
[EventDate "2012.01.30"]
[EventType "tourn (corr)"]
[EventRounds "6"]
[EventCountry "GER"]
[SourceTitle "Corr 2015"]
[Source "ChessBase"]
[SourceDate "2015.07.17"]
[SourceVersion "1"]
[SourceVersionDate "2015.07.17"]
[SourceQuality "1"]

1. d4 Nf6 2. Nf3 e6 3. c4 d5 4. Nc3 Be7 5. Bf4 0-0 6. e3 c5 7. dxc5 Bxc5 8. Bd3 dxc4 9. Bxc4 a6 10. Bd3 Nbd7 11. Qc2 b5 12. Ne5 Bb7 13. Rd1 g6 14. Be4 Qc8 15. Nxd7 Nxd7 16. Bh6 Rd8 17. Bg5 Bxe4 18. Qxe4 Re8 19. 0-0 f6 20. Bf4 f5 21. Qf3 Ra7 22. Rfe1 Nb6 23. e4 Rf7 24. Rc1 Ref8 25. Qh3 Nc4 26. Nd1 fxe4 27. Bh6 Rd8 28. Rxe4 Qd7 29. Qg4 Rf5 30. Ne3 Nxb2 31. h3 Nc4 32. Nxc4 Bxf2+ 33. Kh1 bxc4 34. Rexc4 a5 35. Rc7 Qd3 36. Rg7+ Kh8 37. Rb7 Bd4 38. Rbb1 e5 39. Kh2 Re8 40. Rb7 e4 41. Bf4 Bc3 42. Rd1 Rxf4 43. Rxd3 Rxg4 44. Rxc3 Rh4 1/2-1/2

[Event "GER-ch 2012-G-V3 serv"]
[Site "GER email"]
[Date "2012.??.??"]
[Round "?"]
[White "Drobka, Manfred"]
[Black "Profitlich, Walter Edwin"]
[Result "1/2-1/2"]
[WhiteElo "2196"]
[BlackElo "1869"]
[PlyCount "132"]
[EventDate "2012.12.01"]
[EventType "tourn (corr)"]
[EventRounds "6"]
[EventCountry "GER"]
[SourceTitle "Corr 2015"]
[Source "ChessBase"]
[SourceDate "2015.07.17"]
[SourceVersion "1"]
[SourceVersionDate "2015.07.17"]
[SourceQuality "1"]

1. e4 e5 2. Nf3 Nc6 3. Bb5 Nf6 4. 0-0 Be7 5. Nc3 d6 6. d4 exd4 7. Nxd4 Bd7 8. Nxc6 bxc6 9. Be2 0-0 10. h3 Rb8 11. b3 Re8 12. Be3 c5 13. Bc4 Be6 14. Bxe6 fxe6 15. Qe2 Nd7 16. f4 c6 17. Qg4 Bf8 18. Rad1 d5 19. Bf2 Qf6 20. Rd3 Qf7 21. Qe2 Bd6 22. Na4 Bf8 23. Rf3 Nf6 24. Nc3 Qg6 25. e5 Nd7 26. Na4 Rb4 27. Qa6 Qf7 28. Be1 Nb8 29. Qe2 Re4 30. Qd1 Nd7 31. a3 c4 32. Nc3 Rd4 33. Qc1 cxb3 34. cxb3 Nc5 35. Ne2 Nd3 36. Qxc6 Re4 37. Rxd3 Rxe2 38. b4 Re7 39. Rc3 Qg6 40. Bf2 Rf7 41. Rf3 Rd2 42. Qa6 Rc7 43. Qa5 Rcc2 44. Qxa7 Qf7 45. Qa8 g6 46. b5 Qc7 47. g4 Kg7 48. f5 Rxf2 49. R1xf2 Rxf2 50. Kxf2 Qc2+ 51. Kg3 Qc5 52. Qd8 exf5 53. Qf6+ Kg8 54. Qe6+ Kg7 55. Kg2 Qc2+ 56. Rf2 Qe4+ 57. Kh2 Qe3 58. Qf6+ Kg8 59. Qh4 Bc5 60. Rg2 Qxe5+ 61. Qg3 Qe7 62. Qc3 fxg4 63. Rxg4 Qe2+ 64. Rg2 Bd6+ 65. Kg1 Qxb5 66. Qc5 Bxc5+ 1/2-1/2

[Event "GER-ch 2012-E-V3 serv"]
[Site "GER email"]
[Date "2012.??.??"]
[Round "?"]
[White "Mehaux, Heiko"]
[Black "Profitlich, Walter Edwin"]
[Result "1-0"]
[WhiteElo "2076"]
[BlackElo "1869"]
[PlyCount "49"]
[EventDate "2012.10.08"]
[EventType "tourn (corr)"]
[EventRounds "6"]
[EventCountry "GER"]
[SourceTitle "Corr 2015"]
[Source "ChessBase"]
[SourceDate "2015.07.17"]
[SourceVersion "1"]
[SourceVersionDate "2015.07.17"]
[SourceQuality "1"]

1. e4 e6 2. d4 d5 3. Nc3 Nf6 4. e5 Nfd7 5. f4 c5 6. Nf3 Nc6 7. Be3 Qb6 8. Na4 Qa5+ 9. c3 c4 10. b4 Qc7 11. g3 Ne7 12. Bh3 g6 13. 0-0 Bg7 14. Qc2 0-0 15. g4 Re8 16. f5 exf5 17. gxf5 Nf8 18. Nh4 f6 19. Qg2 Qc6 20. exf6 Bxf6 21. Bg5 Bxg5 22. Qxg5 Bxf5 23. Bxf5 Qxa4 24. Bh3 Qc6 25. Rf6 1-0

[Event "GER-ch 2012-C-V3 serv"]
[Site "GER email"]
[Date "2012.??.??"]
[Round "?"]
[White "Profitlich, Walter Edwin"]
[Black "Klapp, Herwig"]
[Result "0-1"]
[WhiteElo "1869"]
[BlackElo "2215"]
[PlyCount "108"]
[EventDate "2012.07.12"]
[EventType "tourn (corr)"]
[EventRounds "6"]
[EventCountry "GER"]
[SourceTitle "Corr 2015"]
[Source "ChessBase"]
[SourceDate "2015.07.17"]
[SourceVersion "1"]
[SourceVersionDate "2015.07.17"]
[SourceQuality "1"]

1. e4 e5 2. Nf3 Nc6 3. Bb5 a6 4. Ba4 Nf6 5. 0-0 Be7 6. Nc3 b5 7. Bb3 d6 8. d3 Na5 9. h3 c5 10. Bd5 Rb8 11. a3 Qc7 12. Bg5 h6 13. Bxf6 Bxf6 14. Ba2 0-0 15. b4 Nc6 16. Nd5 Qd8 17. c3 Be6 18. Qd2 Bxd5 19. Bxd5 Ne7 20. c4 Qd7 21. bxc5 dxc5 22. Rab1 Qd6 23. Rfc1 Rfc8 24. Qc2 Rc7 25. g3 b4 26. Qa4 Qb6 27. Nh2 a5 28. Ng4 Nc6 29. Nxf6+ gxf6 30. Qd1 Nd4 31. Qh5 Kg7 32. Rf1 b3 33. f4 Qd6 34. Rb2 a4 35. Rbf2 Rb6 36. Kh2 Re7 37. Qg4+ Kf8 38. Rb1 f5 39. Qd1 Qc7 40. Qh5 Rf6 41. Qh4 Qd6 42. Rbf1 Re8 43. fxe5 Qxe5 44. Qh5 Rb8 45. exf5 Rbb6 46. Qg4 b2 47. Rb1 Rxf5 48. Rg2 Rg6 49. Qh4 Qe3 50. Be4 Re6 51. Rgxb2 Rf2+ 52. Rxf2 Qxf2+ 53. Kh1 Ne2 54. Qf4 Nxg3+ 0-1

[Event "GER-ch 2012-C-V3 serv"]
[Site "GER email"]
[Date "2012.??.??"]
[Round "?"]
[White "Wittenberg, Gerd"]
[Black "Profitlich, Walter Edwin"]
[Result "0-1"]
[WhiteElo "1918"]
[BlackElo "1869"]
[PlyCount "82"]
[EventDate "2012.07.12"]
[EventType "tourn (corr)"]
[EventRounds "6"]
[EventCountry "GER"]
[SourceTitle "Corr 2015"]
[Source "ChessBase"]
[SourceDate "2015.07.17"]
[SourceVersion "1"]
[SourceVersionDate "2015.07.17"]
[SourceQuality "1"]

1. d4 d5 2. c4 e6 3. Nf3 Nf6 4. Nc3 c6 5. Bg5 Nbd7 6. cxd5 exd5 7. e3 Qa5 8. Nd2 Bd6 9. Bh4 0-0 10. Bd3 Re8 11. Qc2 h6 12. 0-0-0 b5 13. Bg3 Bb4 14. Nb3 Qb6 15. Na4 bxa4 16. Nd2 a3 17. Qb3 axb2+ 18. Kxb2 Qa5 19. Nb1 Nh5 20. a3 Bf8 21. Qc3 Qb6+ 22. Qb3 Qxb3+ 23. Kxb3 Nxg3 24. hxg3 Rb8+ 25. Ka2 Nf6 26. Rc1 c5 27. dxc5 Ng4 28. Rc2 Be6 29. Rhc1 d4+ 30. Bc4 dxe3 31. Bxe6 Rxe6 32. fxe3 Nxe3 33. Rc3 Nxg2 34. c6 Rc8 35. Kb3 Ne3 36. Rd3 Bd6 37. Rcc3 Nf5 38. g4 Ne7 39. Rc4 Nxc6 40. Ka4 Bf8 41. Rdc3 Rd6 0-1

[Event "GER-ch42 V03 email"]
[Site "GER email"]
[Date "2010.??.??"]
[Round "?"]
[White "Langheld, Werner"]
[Black "Profitlich, Walter Edwin"]
[Result "1-0"]
[WhiteElo "2031"]
[BlackElo "1943"]
[PlyCount "99"]
[EventDate "2010.??.??"]
[EventType "tourn (corr)"]
[EventRounds "12"]
[EventCountry "GER"]
[SourceTitle "Corr 2015"]
[Source "ChessBase"]
[SourceDate "2015.07.17"]
[SourceVersion "1"]
[SourceVersionDate "2015.07.17"]
[SourceQuality "1"]

1. e4 e5 2. Nf3 Nc6 3. Bc4 Bc5 4. b4 Bxb4 5. c3 Ba5 6. d4 exd4 7. 0-0 Nge7 8. Ng5 d5 9. exd5 Ne5 10. Qxd4 f6 11. Re1 Bb6 12. Qh4 fxg5 13. Bxg5 N5g6 14. Qh5 Bc5 15. Nd2 Bd6 16. Rxe7+ Bxe7 17. Re1 Kd7 18. Bxe7 Nxe7 19. Bb5+ c6 20. dxc6+ bxc6 21. Ne4 cxb5 22. Rd1+ Kc7 23. Qe5+ Kb6 24. Qc5+ Ka6 25. Rd6+ Kb7 26. Rxd8 Rxd8 27. Qxe7+ Bd7 28. Qxg7 Rab8 29. Qxh7 Kb6 30. Qg6+ Bc6 31. h4 Rd1+ 32. Kh2 Re8 33. f3 Rdd8 34. h5 Kc7 35. Qg7+ Kc8 36. Nf6 Re2 37. Kh3 Re1 38. h6 Rh1+ 39. Kg3 Bd5 40. Qxa7 Bc4 41. Qc5+ Kb7 42. Qe7+ Kc8 43. h7 Bd3 44. Qc5+ Kb8 45. Qb6+ Kc8 46. Qc6+ Kb8 47. Nd7+ Rxd7 48. Qxd7 Bxh7 49. f4 Bc2 50. f5 1-0

[Event "GER-ch41 V04 email"]
[Site "GER email"]
[Date "2010.??.??"]
[Round "?"]
[White "Mayer, Johann"]
[Black "Profitlich, Walter Edwin"]
[Result "1-0"]
[WhiteElo "1944"]
[BlackElo "1943"]
[PlyCount "77"]
[EventDate "2010.??.??"]
[EventType "tourn (corr)"]
[EventRounds "12"]
[EventCountry "GER"]
[SourceTitle "Corr 2015"]
[Source "ChessBase"]
[SourceDate "2015.07.17"]
[SourceVersion "1"]
[SourceVersionDate "2015.07.17"]
[SourceQuality "1"]

1. e4 e6 2. d4 d5 3. Nc3 Bb4 4. e5 Ne7 5. a3 Bxc3+ 6. bxc3 c5 7. Qg4 cxd4 8. Qxg7 Rg8 9. Qxh7 Qc7 10. Ne2 Nbc6 11. f4 Bd7 12. Qd3 dxc3 13. h4 Nf5 14. h5 0-0-0 15. Qxc3 Rg7 16. a4 Rh8 17. a5 d4 18. Qc4 Nce7 19. Qxc7+ Kxc7 20. Bb2 Bb5 21. Nxd4 Bxf1 22. Kxf1 Ng3+ 23. Kf2 Nxh1+ 24. Rxh1 Rhg8 25. Rg1 Nd5 26. Ne2 Kb8 27. Bd4 Rc8 28. c3 Ne7 29. g4 Nc6 30. a6 Nxd4 31. cxd4 bxa6 32. h6 Rgg8 33. g5 a5 34. d5 exd5 35. e6 fxe6 36. g6 a4 37. Nd4 a3 38. g7 a2 39. Nxe6 1-0

[Event "GER-ch42 V03 email"]
[Site "GER email"]
[Date "2010.??.??"]
[Round "?"]
[White "Profitlich, Walter Edwin"]
[Black "Kaiser, Stephan"]
[Result "0-1"]
[WhiteElo "1943"]
[BlackElo "2149"]
[PlyCount "96"]
[EventDate "2010.??.??"]
[EventType "tourn (corr)"]
[EventRounds "12"]
[EventCountry "GER"]
[SourceTitle "Corr 2015"]
[Source "ChessBase"]
[SourceDate "2015.07.17"]
[SourceVersion "1"]
[SourceVersionDate "2015.07.17"]
[SourceQuality "1"]

1. e4 c5 2. Nc3 Nc6 3. Nf3 e6 4. d4 cxd4 5. Nxd4 Nf6 6. Ndb5 d6 7. Bf4 e5 8. Bg5 a6 9. Na3 Rb8 10. Nd5 Qa5+ 11. c3 Nxd5 12. exd5 Ne7 13. Nc4 Qc7 14. Be2 b5 15. Ne3 f6 16. Bh5+ Kd8 17. Bh4 Ng6 18. g3 Nxh4 19. gxh4 f5 20. Qb3 Be7 21. 0-0 Bxh4 22. Qb4 Bg5 23. Qa3 Ke7 24. Rae1 g6 25. Be2 Bd7 26. Bf3 a5 27. Kh1 Rhc8 28. Rg1 Bf6 29. Be2 Qb6 30. Rgf1 f4 31. Nd1 Bf5 32. Bf3 b4 33. Qa4 Bd3 34. Rg1 bxc3 35. bxc3 Rc4 36. Qa3 Qb5 37. Qc1 Ra4 38. Qd2 Bf5 39. Bg2 Qd3 40. Qe2 Kf8 41. h3 e4 42. Qxd3 exd3 43. a3 Rb1 44. Bf3 Rxa3 45. Bg4 Raa1 46. Bxf5 gxf5 47. Kg2 Bxc3 48. Ref1 Be5 0-1

[Event "GER-ch41 V04 email"]
[Site "GER email"]
[Date "2010.??.??"]
[Round "?"]
[White "Profitlich, Walter Edwin"]
[Black "Maetz, Erich"]
[Result "1/2-1/2"]
[WhiteElo "1943"]
[BlackElo "1991"]
[PlyCount "82"]
[EventDate "2010.??.??"]
[EventType "tourn (corr)"]
[EventRounds "12"]
[EventCountry "GER"]
[SourceTitle "Corr 2015"]
[Source "ChessBase"]
[SourceDate "2015.07.17"]
[SourceVersion "1"]
[SourceVersionDate "2015.07.17"]
[SourceQuality "1"]

1. Nf3 Nf6 2. d4 g6 3. g3 Bg7 4. c4 0-0 5. Bg2 d5 6. 0-0 c6 7. Nbd2 Bf5 8. b3 Ne4 9. Bb2 Nd7 10. Nh4 Nxd2 11. Qxd2 Be6 12. cxd5 cxd5 13. Rac1 Nf6 14. Nf3 Ne4 15. Qb4 Qb6 16. Qxb6 axb6 17. a3 b5 18. Rc2 Bf5 19. Rc7 Bh6 20. e3 b6 21. Ne5 Rfc8 22. Rfc1 Bf8 23. Bf3 f6 24. Rxc8 Rxc8 25. Rxc8 Bxc8 26. Nd3 Kf7 27. b4 e6 28. Kg2 Nd2 29. Be2 Nc4 30. Bc1 Ke7 31. f4 Kd6 32. g4 g5 33. Kg3 Bb7 34. h4 h6 35. h5 Be7 36. Ne1 Kc6 37. Bd3 Bd6 38. Nc2 Bc7 39. Kf2 Kd6 40. Ne1 Ke7 41. Nf3 Bc6 1/2-1/2

[Event "GER-ch55 V05 email"]
[Site "GER email"]
[Date "2009.??.??"]
[Round "?"]
[White "Profitlich, Walter Edwin"]
[Black "Ryseck, Werner"]
[Result "1/2-1/2"]
[WhiteElo "2068"]
[BlackElo "1767"]
[PlyCount "45"]
[EventDate "2010.??.??"]
[EventType "tourn (corr)"]
[EventRounds "6"]
[EventCountry "GER"]
[SourceTitle "Corr 2015"]
[Source "ChessBase"]
[SourceDate "2015.07.17"]
[SourceVersion "1"]
[SourceVersionDate "2015.07.17"]
[SourceQuality "1"]

1. e4 c6 2. d4 d5 3. Nc3 dxe4 4. Nxe4 Nd7 5. Bc4 Ngf6 6. Ng5 e6 7. Qe2 Nb6 8. Bb3 h6 9. N5f3 a5 10. a4 c5 11. Bf4 Bd7 12. dxc5 Bxc5 13. Ne5 0-0 14. Ngf3 Nbd5 15. Bd2 Qc7 16. 0-0 Rfd8 17. Nxd7 Rxd7 18. Ne5 Rdd8 19. Rfe1 Ne3 20. Bc3 Ned5 21. Bd2 Ne3 22. Bc3 Ned5 23. Bd2 1/2-1/2

[Event "GER-ch50 V7 email"]
[Site "GER email"]
[Date "2008.11.01"]
[Round "?"]
[White "Profitlich, Walter Edwin"]
[Black "Hinz, Horst"]
[Result "0-1"]
[WhiteElo "2129"]
[BlackElo "2159"]
[PlyCount "106"]
[EventDate "2008.??.??"]
[EventType "tourn (corr)"]
[EventRounds "10"]
[EventCountry "GER"]
[SourceTitle "Corr 2011"]
[Source "ChessBase"]
[SourceDate "2010.08.31"]
[SourceVersion "1"]
[SourceVersionDate "2010.08.31"]
[SourceQuality "1"]

1. e4 e5 2. Nf3 Nc6 3. Bb5 a6 4. Bxc6 dxc6 5. 0-0 Bg4 6. h3 h5 7. d3 Qf6 8. Nbd2 Ne7 9. Nc4 Bxf3 10. Qxf3 Qxf3 11. gxf3 Ng6 12. Be3 Be7 13. Kh1 Bf6 14. Rg1 0-0-0 15. Bg5 Rhg8 16. Kh2 Nf4 17. Bxf4 exf4 18. a4 b6 19. e5 Bh4 20. Kg2 Rd5 21. Rge1 f5 22. Re2 Re8 23. e6 Bf6 24. Rae1 h4 25. c3 c5 26. Rd2 g6 27. e7 Kd7 28. Rde2 b5 29. Na5 Rxe7 30. Rxe7+ Bxe7 31. Rd1 b4 32. c4 Rd6 33. Nb3 Kc6 34. Nc1 Bf6 35. Rd2 Re6 36. Ne2 g5 37. Kf1 Bd4 38. b3 Bc3 39. Rc2 Kd6 40. Kg2 Ke5 41. Kf1 Rg6 42. Rc1 g4 43. Kg2 Rd6 44. hxg4 fxg4 45. fxg4 Rxd3 46. Ng1 Ke4 47. f3+ Ke3 48. g5 Kd2 49. Rf1 Bh8 50. Nh3 Rxb3 51. Nxf4 Ra3 52. Ng6 Bd4 53. Nxh4 Ra1 0-1

[Event "GER-ch48 V3 email"]
[Site "GER email"]
[Date "2008.08.29"]
[Round "?"]
[White "Kettel, Hans"]
[Black "Profitlich, Walter Edwin"]
[Result "0-1"]
[WhiteElo "1679"]
[BlackElo "2129"]
[PlyCount "72"]
[EventDate "2008.??.??"]
[EventType "tourn (corr)"]
[EventRounds "10"]
[EventCountry "GER"]
[SourceTitle "Corr 2011"]
[Source "ChessBase"]
[SourceDate "2010.08.31"]
[SourceVersion "1"]
[SourceVersionDate "2010.08.31"]
[SourceQuality "1"]

1. d4 Nf6 2. Nf3 e6 3. e3 b6 4. Bd3 Bb7 5. 0-0 d5 6. Ne5 Nbd7 7. f4 g6 8. b3 c5 9. Bb2 Bg7 10. Nd2 0-0 11. Qf3 Ne8 12. Qh3 Nd6 13. Ndf3 Qe7 14. Ng5 h6 15. Nxe6 Qxe6 16. Qxe6 fxe6 17. Nxd7 Rf7 18. Ne5 Bxe5 19. fxe5 Nf5 20. Rf3 c4 21. Be2 h5 22. bxc4 Rc8 23. Rf2 Nxe3 24. Rxf7 Kxf7 25. c3 dxc4 26. Bf3 Bxf3 27. gxf3 Nd5 28. a4 g5 29. Kg2 Rf8 30. Kf2 Ke8 31. Rg1 Rf5 32. Kg3 Kd7 33. h4 gxh4+ 34. Kxh4 Rxf3 35. Kxh5 Rf2 36. Ba1 Ra2 0-1

[Event "GER-ch48 V3 email"]
[Site "GER email"]
[Date "2008.08.29"]
[Round "?"]
[White "Profitlich, Walter Edwin"]
[Black "Kling, Karl Adolf"]
[Result "1-0"]
[WhiteElo "2129"]
[BlackElo "1965"]
[PlyCount "99"]
[EventDate "2008.??.??"]
[EventType "tourn (corr)"]
[EventRounds "10"]
[EventCountry "GER"]
[SourceTitle "Corr 2011"]
[Source "ChessBase"]
[SourceDate "2010.08.31"]
[SourceVersion "1"]
[SourceVersionDate "2010.08.31"]
[SourceQuality "1"]

1. Nf3 Nf6 2. d4 d5 3. c4 c6 4. Nc3 dxc4 5. a4 Bf5 6. Ne5 Nbd7 7. Nxc4 Qc7 8. g3 e5 9. dxe5 Nxe5 10. Bf4 Nfd7 11. Bg2 g5 12. Ne3 gxf4 13. Nxf5 0-0-0 14. Qc2 Nc5 15. 0-0 fxg3 16. hxg3 a5 17. Rfd1 Rxd1+ 18. Rxd1 Kb8 19. e3 h5 20. Ne4 Nxe4 21. Qxe4 Bb4 22. Qh4 Ng4 23. Bf3 Qe5 24. Rd8+ Rxd8 25. Qxd8+ Ka7 26. Nd4 Qd6 27. Qc8 Kb6 28. Bxg4 hxg4 29. Qxg4 Qd5 30. Qd1 c5 31. Qf3 Qxf3 32. Nxf3 f6 33. Kf1 c4 34. Ke2 Be7 35. Kd2 Kc6 36. Nd4+ Kc5 37. Nf5 Bf8 38. e4 Kb4 39. Kc2 Kxa4 40. f4 Kb5 41. e5 fxe5 42. fxe5 a4 43. e6 a3 44. bxa3 Bxa3 45. Nd4+ Kb6 46. Kc3 Be7 47. Kxc4 Bg5 48. Nf3 Be7 49. Kd5 Kc7 50. Nd4 1-0

[Event "GER-ch46 V7 email"]
[Site "GER email"]
[Date "2008.04.14"]
[Round "?"]
[White "Hildebrand, Gerald"]
[Black "Profitlich, Walter Edwin"]
[Result "1-0"]
[WhiteElo "2144"]
[BlackElo "2129"]
[PlyCount "101"]
[EventDate "2008.??.??"]
[EventType "tourn (corr)"]
[EventRounds "10"]
[EventCountry "GER"]
[SourceTitle "Corr 2011"]
[Source "ChessBase"]
[SourceDate "2010.08.31"]
[SourceVersion "1"]
[SourceVersionDate "2010.08.31"]
[SourceQuality "1"]

1. d4 d5 2. c4 c6 3. Nc3 Nf6 4. e3 e6 5. Nf3 Nbd7 6. Qc2 Bd6 7. Be2 0-0 8. 0-0 Re8 9. h3 Qe7 10. Re1 e5 11. cxd5 cxd5 12. Nb5 e4 13. Nxd6 Qxd6 14. Nh2 b6 15. Bd2 a5 16. Rec1 Ba6 17. Bxa6 Rxa6 18. Qc7 Qe6 19. Rc2 Rea8 20. Rac1 Ne8 21. Qf4 b5 22. Nf1 h6 23. Ng3 Nd6 24. Nh5 Qg6 25. Qh4 Qg5 26. Qg4 R6a7 27. Nf4 Nf6 28. Qd1 Qf5 29. Rc5 Rd8 30. Be1 a4 31. Qe2 Rb8 32. Bb4 Nc4 33. b3 axb3 34. axb3 Nd6 35. Rc7 Rxc7 36. Rxc7 Nde8 37. g4 Qg5 38. Re7 Qh4 39. Kh2 Nh7 40. Re5 Ng5 41. Kg2 Ra8 42. Be7 f6 43. Rxg5 hxg5 44. Nxd5 f5 45. gxf5 Kh7 46. Qc2 Ra7 47. f6 Kg8 48. fxg7 Kxg7 49. b4 Qh7 50. Qc5 Rd7 51. Nb6 1-0

[Event "GER-ch44 V6 email"]
[Site "GER email"]
[Date "2008.01.14"]
[Round "?"]
[White "Mergard, Hans Peter"]
[Black "Profitlich, Walter Edwin"]
[Result "0-1"]
[WhiteElo "1936"]
[BlackElo "2129"]
[PlyCount "90"]
[EventDate "2008.??.??"]
[EventType "tourn (corr)"]
[EventRounds "10"]
[EventCountry "GER"]
[SourceTitle "Corr 2011"]
[Source "ChessBase"]
[SourceDate "2010.08.31"]
[SourceVersion "1"]
[SourceVersionDate "2010.08.31"]
[SourceQuality "1"]

1. e4 c5 2. Nf3 d6 3. d4 cxd4 4. Nxd4 Nf6 5. Nc3 g6 6. Be3 Bg7 7. f3 0-0 8. Qd2 Nc6 9. Bc4 Bd7 10. h4 Rc8 11. Bb3 h5 12. 0-0-0 Na5 13. Bh6 Nc4 14. Bxc4 Rxc4 15. Bxg7 Kxg7 16. g4 hxg4 17. h5 Rh8 18. hxg6 fxg6 19. f4 e5 20. fxe5 dxe5 21. Nb3 Rc8 22. Rxh8 Qxh8 23. Kb1 g3 24. Qd6 Re8 25. Nd5 Re6 26. Qc7 Qc8 27. Qc5 Qxc5 28. Nxc5 Rc6 29. Nxd7 Nxd7 30. Rg1 Nf6 31. Rxg3 Nxe4 32. Re3 Rd6 33. Rxe4 Rxd5 34. c4 Ra5 35. b4 Ra4 36. c5 Kf6 37. Kb2 Kf5 38. Rc4 a5 39. a3 axb4 40. axb4 g5 41. Kb3 Ra8 42. b5 g4 43. c6 bxc6 44. bxc6 g3 45. Rc2 e4 0-1

[Event "GER-ch45 V2 email"]
[Site "GER email"]
[Date "2008.??.??"]
[Round "?"]
[White "Profitlich, Walter Edwin"]
[Black "Just, Joachim"]
[Result "1-0"]
[WhiteElo "2129"]
[BlackElo "2050"]
[PlyCount "97"]
[EventDate "2008.??.??"]
[EventType "tourn (corr)"]
[EventRounds "10"]
[EventCountry "GER"]
[SourceTitle "Corr 2011"]
[Source "ChessBase"]
[SourceDate "2010.08.31"]
[SourceVersion "1"]
[SourceVersionDate "2010.08.31"]
[SourceQuality "1"]

1. e4 e6 2. d4 d5 3. Nc3 Bb4 4. e5 Ne7 5. a3 Bxc3+ 6. bxc3 c5 7. Qg4 0-0 8. Nf3 Nbc6 9. Bd3 f5 10. exf6 Rxf6 11. Bg5 e5 12. Qg3 Rxf3 13. gxf3 c4 14. Be2 Qa5 15. Bd2 Nf5 16. Qg2 exd4 17. cxd4 c3 18. Be3 Ncxd4 19. Bd3 Nh4 20. Qg3 Ndxf3+ 21. Kd1 Qd8 22. Rb1 Qf6 23. Rb4 d4 24. Bf4 a5 25. Rb5 Qc6 26. Bd6 Bd7 27. Rh5 h6 28. Bb5 Qc8 29. Be5 Nxe5 30. Rxe5 Nf5 31. Qg2 Bc6 32. Bxc6 bxc6 33. Qe4 Nd6 34. Qxd4 Nb5 35. Qc4+ Kh8 36. Rhe1 Qd8+ 37. Qd3 Qf8 38. Re7 Rd8 39. Rd7 Rxd7 40. Qxd7 Qf3+ 41. Kc1 Qf4+ 42. Re3 Kh7 43. Qd3+ Kh8 44. Kd1 Nd6 45. Ke2 Nf5 46. Re4 Qb8 47. Qxc3 Qxh2 48. Qf3 g6 49. Qf4 1-0

[Event "GER-ch39 V02 email"]
[Site "GER email"]
[Date "2007.04.30"]
[Round "?"]
[White "Profitlich, Walter Edwin"]
[Black "Remshagen, Peter"]
[Result "1/2-1/2"]
[WhiteElo "2148"]
[BlackElo "2131"]
[PlyCount "97"]
[EventDate "2007.??.??"]
[EventType "tourn (corr)"]
[EventRounds "10"]
[EventCountry "GER"]
[SourceTitle "Corr 2011"]
[Source "ChessBase"]
[SourceDate "2010.08.31"]
[SourceVersion "1"]
[SourceVersionDate "2010.08.31"]
[SourceQuality "1"]

1. d4 f5 2. g3 Nf6 3. Bg2 e6 4. c4 Be7 5. Nf3 0-0 6. Nc3 d6 7. 0-0 Qe8 8. b3 Ne4 9. Qc2 Nxc3 10. Qxc3 Nc6 11. Bg5 e5 12. Bxe7 Qxe7 13. e3 Qf6 14. dxe5 dxe5 15. Ne1 Bd7 16. Nd3 Rae8 17. Bd5+ Kh8 18. Rad1 e4 19. Qxf6 Rxf6 20. Bxc6 Bxc6 21. Nb4 h5 22. Nxc6 Rxc6 23. Rd5 g6 24. Rd7 Kg8 25. Rfd1 Rf8 26. Kf1 Rf7 27. h4 Rxd7 28. Rxd7 Kf8 29. Ke1 Ke8 30. Rg7 Kf8 31. Rh7 Ke8 32. a4 a5 33. Kd2 Rd6+ 34. Kc3 Rd3+ 35. Kc2 Kd8 36. Rg7 Rd6 37. c5 Rc6 38. Rg8+ Ke7 39. Kb2 Kd7 40. b4 axb4 41. Kb3 Rxc5 42. Rg7+ Kd8 43. Rxg6 Rc3+ 44. Kxb4 Rc2 45. Rh6 Rxf2 46. Rxh5 Ke7 47. Rg5 Ke6 48. g4 fxg4 49. Rxg4 1/2-1/2

[Event "GER-ch39 V02 email"]
[Site "GER email"]
[Date "2007.04.30"]
[Round "?"]
[White "Reinecke, Rudolf"]
[Black "Profitlich, Walter Edwin"]
[Result "1/2-1/2"]
[WhiteElo "2166"]
[BlackElo "2148"]
[PlyCount "70"]
[EventDate "2007.??.??"]
[EventType "tourn (corr)"]
[EventRounds "10"]
[EventCountry "GER"]
[SourceTitle "Corr 2011"]
[Source "ChessBase"]
[SourceDate "2010.08.31"]
[SourceVersion "1"]
[SourceVersionDate "2010.08.31"]
[SourceQuality "1"]

1. d4 Nf6 2. c4 g6 3. Nc3 Bg7 4. e4 d6 5. Nf3 0-0 6. Be2 e5 7. dxe5 dxe5 8. Qxd8 Rxd8 9. Bg5 c6 10. Nxe5 Re8 11. 0-0-0 Na6 12. Rd6 Nxe4 13. Nxe4 Bxe5 14. Nf6+ Bxf6 15. Bxf6 Nc5 16. Bf3 Bf5 17. Rhd1 Be4 18. Kd2 a5 19. b3 h5 20. Bd4 Bxf3 21. gxf3 Ne6 22. Bf6 a4 23. b4 Nf4 24. Rd4 Nh3 25. Re1 Rxe1 26. Kxe1 g5 27. Rd7 Re8+ 28. Kf1 Re6 29. Bd4 b5 30. cxb5 cxb5 31. Rd5 Rc6 32. Rxb5 Rc2 33. Rb8+ Kh7 34. b5 Nf4 35. Ke1 Rc4 1/2-1/2